| 000 | 00659nam a2200217Ia 4500 | ||
|---|---|---|---|
| 001 | 7407 | ||
| 003 | GE_BSU | ||
| 008 | 181216s||||||||xx |||||||||||||| ||und|| | ||
| 040 | _cGE_BSU | ||
| 080 | _a821(47+57)-3 | ||
| 245 | _aდაუვიწყარი დღეები. | ||
| 245 | _bმოთხრობები. | ||
| 245 | _cშემდგ:.ა.გაბესკირია. | ||
| 260 | _aთბილისი. | ||
| 260 | _bსაბლიტგამი. | ||
| 260 | _c1954. | ||
| 300 | _a291გვ;21სმ. | ||
| 653 | _aდაუვიწყარი დღეები. | ||
| 653 | _aმოთხრობები. | ||
| 942 | _cBK | ||
| 999 |
_c40768 _d40768 |
||